Oppdagelsesreisene og tidlig europeisk kolonialisme - Statistics

General Stats
  • This quiz has been taken 138 times
    137 since last reset
  • The average score is 6 of 19
Answer Stats
Hint Answer % Correct
Kjent for reiser til Kina, ca. 1300 Marco Polo
76%
Året Columbus landet i Amerika 1492
60%
Portugiser som seilte til india, 1498 Vasco da Gama
60%
Land der alle ville ha handelsstasjoner India
49%
Handel mellom Europa, Afrika og Amerika Trekanthandelen
35%
Nederlandsk bosetterkoloni Sør-Afrika
34%
Det man kalte Karibia Vestindia
34%
Spanjoler som erobret Amerika Conquistadorer
32%
Amerika er oppkalt etter Amerigo Vespucci
29%
Kaptein som utforsket Stillehavet, 1770-tallet James Cook
28%
Nederlands mest verdifulle koloni Indonesia
21%
Råvarer fra plantasjene i Amerika Sukker, tobakk og bomull
21%
Kaptein under den første jordomseilingen, 1519-21 Ferdinand Magellan
18%
Første europeiske skytevåpen, ca. 1450 Arkebus
15%
Første permanente engelske koloni i Nord-Amerika, 1607 Jamestown, Virginia
15%
Amerikanske riker erobret av Spania Aztekerriket og inkariket
12%
12 millioner mennesker, ca. 1500-1860 Den atlantiske slavehandelen
12%
Portugiser som oppdaget Kapp det gode håp, 1488 Bartolomeu Dias
9%
Drev handel med Asia Østindiske kompanier
7%
No matching quizzes found
Score Distribution
Percent of People with Each Score
Percentile by Number Answered
Your Score History
You have not taken this quiz since the last reset